Beijing 10 years on (Record no. 4907)
[ view plain ]
| 000 -LEADER | |
|---|---|
| fixed length control field | 00435nam a22001577a 4500 |
| 005 - DATE AND TIME OF LATEST TRANSACTION | |
| control field | 20240611114934.0 |
| 008 - FIXED-LENGTH DATA ELEMENTS--GENERAL INFORMATION | |
| fixed length control field | 240611b2005 |||||||| |||| 00| 0 eng d |
| 082 ## - DEWEY DECIMAL CLASSIFICATION NUMBER | |
| Classification number | 305.42 |
| Item number | RAJ |
| 942 ## - ADDED ENTRY ELEMENTS (KOHA) | |
| Item Type | Reports |
| 100 ## - MAIN ENTRY--PERSONAL NAME | |
| Personal Name | Raja, Fatima |
| 245 ## - TITLE STATEMENT | |
| Title | Beijing 10 years on |
| 260 ## - PUBLICATION, DISTRIBUTION, ETC. (IMPRINT) | |
| Place of Publication | Lahore: |
| Name of Publisher | Shirkat Gah, |
| Date of Copyright | 2005 |
| 300 ## - PHYSICAL DESCRIPTION | |
| Extent | 83 p. |
| Physical Details | Bibliography included |
| 650 ## - SUBJECT ADDED ENTRY--TOPICAL TERM | |
| Topical Term | GENDER INEQUALITIES-Reduction |
| 650 ## - SUBJECT ADDED ENTRY--TOPICAL TERM | |
| Topical Term | Women participation-Social processes |
| Withdrawn status | Lost status | Source of classification or shelving scheme | Damaged status | Not for loan | Permanent location | Current location | Date acquired | Total Checkouts | Full call number | Barcode | Date last seen | Price effective from | Koha item type |
|---|---|---|---|---|---|---|---|---|---|---|---|---|---|
| Dewey Decimal Classification | Resource center, Muslim Women's Research And Action Forum | Resource center, Muslim Women's Research And Action Forum | 2024-06-11 | 305.42 RAJ | RAF5280 | 2024-06-11 | 2024-06-11 | Reports |

